000 00419nam a2200145Ia 4500
008 230917s9999||||xx |||||||||||||| ||und||
040 _e148967
_aMAIN
041 _aEnglish
082 _a382 A42A
100 _aAsian Development Bank
245 0 _aTrade policy, industrial performance and private sector development in India
260 _aNew Delhi
_bOxford University Press
_c2008
300 _a326 p.
942 _cBK
999 _c154792
_d154792